Najpopularniejsze ulice Zielonej góry na daną literę - Statystyki

Ogólne statystyki
  • Ten quiz został rozwiązany 61 razy
  • Średni wynik to 8 z 26
Statystyki odpowiedzi
Litera Ulica % Poprawnych
B Batorego | Bohaterów Westerplatte| Botaniczna
79%
W Wrocławska | Wyszyńskiego | Wyspiańskiego
79%
F Fabryczna | Foluszowa | Francuska
54%
D Dzika | Dąbrówki | Dąbrowskiego
50%
Z Zjednoczenia | Zacisze | Zamkowa
50%
Ź Źródlana
50%
Ł Łężyca-Odrzańska | Łużycka | Łokietka
46%
S Sulechowska | Sienkiewicza | Stary Rynek
42%
K Kupiecka | Kożuchowska | Kopernika
38%
C Chemiczna | Chrobrego | Chopina
33%
M Matejki | Mickiewicza | Monte Cassino
33%
J Jedności | Jędrzychowska | Jana z Kolna
29%
U Ułańska | Urszuli | Unii Europejskiej
29%
L Lwowska | Lechitów | Lisowskiego
25%
A Aleja Wojska polskiego| Aleja Konstrukcji 3 Maja | Aleja Niepodległości
21%
E Energetyków | Elektronowa | Ekologiczna
21%
N Nowojędrzychowska | Nowa | Nowy Kisielin-Wysockiego
21%
Ż Żeromskiego | Żytnia | Żołnierzy 2 armii
21%
G Głowackiego | Grunwaldzka | Gajowa
17%
H Herberta | Harcerska | Heraklesa
17%
P Piastowska | Plac Bohaterów | Przylep-Solidarności
17%
T Trasa Północna | Tatrzańska | Traugutta
17%
Ś Świętojańska | Św.Trójcy | Średnia
8%
I Iławska | Infelda | Irysowa
4%
O Ochla-Zielonogórska | Osiedle Pomorskie | Osiedle Śląskie
4%
R Racula-Głogowska | Reja | Rondo PCK
0%
Nie znaleziono quizów pasujących do podanych kryteriów
Rozkład punktacji
Procent ludzi z każdym wynikiem
Percentyl według liczby udzielonych odpowiedzi
Twoja historia wyników
Nie rozwiązałeś tego quizu